000 00658nam a2200181Ia 4500
008 151018s9999 xx 000 0 und d
082 _bRBASDV16064
_a891.463
100 _aभालचंद्र देशपांडे
245 _aठकास भेटला महाठक
250 _b1
260 _bपंढरी प्रकाशन पुणे
300 _a32
600 _aभालचंद्र देशपांडे
630 _aठकास भेटला महाठक
700 _aभालचंद्र देशपांडे
730 _aठकास भेटला महाठक
942 _cBOOK
999 _c1016783
_d1016780